|
|
|
|
| LEADER |
00728cam a2200217ua 4500 |
| 008 |
060815t1999||||||||||| 001 ||eng c |
| 020 |
|
|
|a 81-7808-145-8
|
| 041 |
0 |
|
|a eng
|
| 082 |
|
|
|a 004.6
|b KES/E
|
| 100 |
0 |
|
|a Keshav,, S.
|
| 245 |
1 |
0 |
|a Engineering approach to computer networking: ATM networks, the internet and the telephone network /
|
| 250 |
|
|
|a 1st ed.
|
| 260 |
|
|
|a Delhi:
|b Pearson Education,
|c 1999.
|
| 300 |
|
|
|a xviii,660p..
|
| 362 |
1 |
|
|a 1999.
|
| 365 |
|
|
|a Rs.280/-
|e PB
|
| 500 |
|
|
|a Includes glossary, appendix,references and index.
|
| 650 |
0 |
|
|a Computer science
|
| 942 |
|
|
|c BK
|
| 999 |
|
|
|c 24
|d 24
|
| 952 |
|
|
|0 0
|1 0
|4 0
|6 004_600000000000000_KES
|7 0
|9 26
|a KUCL
|b KUCL
|d 2014-05-23
|l 0
|o 004.6 KES/
|p 09317
|r 2014-05-23
|w 2014-05-23
|y BK
|